[Event "European Rapid 2017"]
[Site "Katowice POL"]
[Date "2017.12.16"]
[Round "6.69"]
[White "Saraci, Nderim"]
[Black "Obrusnik, Michal"]
[Result "1/2-1/2"]
[WhiteTitle "FM"]
[BlackTitle "FM"]
[WhiteElo "2398"]
[BlackElo "2268"]
[WhiteFideId "6351921"]
[BlackFideId "1136674"]
[EventDate "2017.12.16"]

1. d4 Nf6 2. c4 e6 3. g3 Bb4+ 4. Bd2 a5 5. Bg2 O-O 6. a3 Bxd2+ 7. Nxd2 d6 8.
Ngf3 Qe7 9. Qc2 e5 10. e3 h6 11. Rc1 e4 12. Ng1 Re8 13. Ne2 Bf5 14. h3 Na6 15.
Qa4 c6 16. Nf4 Qd7 17. Bf1 g5 18. Ne2 b5 19. Qc2 b4 20. g4 Bg6 21. Ng3 c5 22. d5
Qe7 23. Be2 Nb8 24. a4 Nbd7 25. b3 Ne5 26. Nf5 Bxf5 27. gxf5 Ned7 28. Nf1 Qe5
29. Ng3 Kg7 30. h4 g4 31. h5 Kh7 32. Bf1 Rg8 33. Bg2 Rae8 34. Rb1 Rg5 35. Qb2
Qxb2 36. Rxb2 Ne5 37. Ke2 Nf3 38. Rbb1 Re5 39. Rbf1 Re8 40. Kd1 Re7 41. Kc2 Re8
42. Kc1 Re7 43. Kb2 Re8 44. Kc2 Re7 45. Rd1 Re8 46. Bf1 Re7 47. Be2 Re8 48. Bf1
Re7 1/2-1/2

[Event "European Rapid 2017"]
[Site "Katowice POL"]
[Date "2017.12.16"]
[Round "6.70"]
[White "Widla, Piotr"]
[Black "Nikitenko, Mihail"]
[Result "0-1"]
[BlackTitle "IM"]
[WhiteElo "2046"]
[BlackElo "2361"]
[WhiteFideId "1132164"]
[BlackFideId "13506862"]
[EventDate "2017.12.16"]

1. e4 e5 2. Nf3 Nc6 3. d4 exd4 4. Bc4 Nf6 5. e5 d5 6. Bb5 Ne4 7. Nxd4 Bd7 8.
Bxc6 bxc6 9. O-O g6 10. Be3 c5 11. Nb3 c4 12. Qxd5 cxb3 13. Qxe4 bxc2 14. Qxc2
Bg7 15. Bc5 Qg5 16. f4 Qf5 17. Qf2 g5 18. Nc3 gxf4 19. Qh4 f6 20. Rxf4 Qg5 21.
exf6 Qxc5+ 22. Kh1 O-O 23. Ne4 Qe5 24. Raf1 Bc6 25. Rg4 Bxe4 26. Rxg7+ Kh8 27.
Re7 Qxe7 0-1

[Event "European Rapid 2017"]
[Site "Katowice POL"]
[Date "2017.12.16"]
[Round "6.71"]
[White "Kusiak, Matej"]
[Black "Dorokhin, Mykhailo"]
[Result "1/2-1/2"]
[WhiteElo "2280"]
[BlackElo "2243"]
[WhiteFideId "14911213"]
[BlackFideId "14114178"]
[EventDate "2017.12.16"]

1. e4 c6 2. Nc3 d5 3. Nf3 dxe4 4. Nxe4 Nf6 5. Nxf6+ gxf6 6. d4 Bf5 7. Bf4 e6 8.
c3 Bd6 9. Qd2 Qc7 10. Bxd6 Qxd6 11. Bd3 Bxd3 12. Qxd3 Nd7 13. O-O-O O-O-O 14.
Qe4 Qd5 15. Qxd5 cxd5 16. Nh4 Kc7 17. Rhe1 Kd6 18. g3 b5 19. Kd2 a5 20. Rc1 Rb8
21. b3 Rhc8 22. Kd3 Rc7 23. Rc2 Rbc8 24. Rec1 Nb6 25. Ng2 e5 26. f3 a4 27. Ne3
axb3 28. axb3 Ra8 29. Rb2 Nc8 30. c4 bxc4+ 31. bxc4 Ra3+ 32. Rc3 Rxc3+ 33. Kxc3
dxc4 34. Nxc4+ Kd5 35. Rb5+ Ke6 36. dxe5 fxe5 37. Rxe5+ Kf6 38. Re4 Nb6 39. Rf4+
Kg6 40. Kd3 Nxc4 41. Rxc4 Ra7 42. Ke3 h5 43. Kf4 Ra2 44. h4 Rf2 45. Rc8 f6 46.
Rc7 Rf1 47. Ke3 Rg1 48. Kf2 Ra1 49. Rc3 Rb1 50. g4 Rh1 51. Kg3 Rg1+ 52. Kh2 Ra1
53. Re3 hxg4 54. fxg4 f5 55. g5 Kh5 56. Kg3 Ra4 57. Re6 Rg4+ 58. Kf3 Kxh4 59. g6
Kh5 60. Rd6 1/2-1/2

[Event "European Rapid 2017"]
[Site "Katowice POL"]
[Date "2017.12.16"]
[Round "6.72"]
[White "Swiatek, Bartosz"]
[Black "Zawadzka, Jolanta"]
[Result "0-1"]
[BlackTitle "WGM"]
[WhiteElo "2022"]
[BlackElo "2424"]
[WhiteFideId "1116533"]
[BlackFideId "1122320"]
[EventDate "2017.12.16"]

1. e4 c5 2. Nf3 d6 3. d4 cxd4 4. Nxd4 Nf6 5. Nc3 a6 6. f4 e5 7. Nf3 Nbd7 8. a4
Qc7 9. Bd3 Be7 10. O-O O-O 11. Kh1 b6 12. Qe2 Bb7 13. Bd2 exf4 14. Nd4 Rfe8 15.
Bxf4 Bf8 16. Rae1 Nc5 17. Qf3 Qd7 18. Bg5 Ng4 19. Nf5 Ne5 20. Qg3 Re6 21. b4
Nexd3 22. cxd3 Nxa4 23. Nxa4 Qxa4 24. Nh6+ Rxh6 25. Bxh6 Qxb4 26. Rf4 Re8 27.
Ref1 Re7 28. e5 Qb2 29. e6 Bd5 30. Rxf7 Rxf7 31. exf7+ Bxf7 32. Qf3 Qa2 33. Be3
b5 34. h4 h6 35. Bd4 Qb3 36. Kh2 a5 37. Rc1 a4 38. Rc8 Qd5 39. Qf4 Qe6 40. Rb8
Qd7 41. Qf3 d5 42. Bc5 Qc7+ 43. Qg3 Qxc5 44. d4 Qe7 45. Kh1 Kh7 46. Qd3+ Bg6 47.
Qd2 Qxh4+ 48. Kg1 Bd6 49. Rxb5 Qh2+ 50. Kf1 Be4 51. Qf2 Bd3+ 52. Ke1 Bg3 0-1

[Event "European Rapid 2017"]
[Site "Katowice POL"]
[Date "2017.12.16"]
[Round "6.73"]
[White "Zaleski, Lukasz"]
[Black "Meissner, Felix"]
[Result "1/2-1/2"]
[BlackTitle "FM"]
[WhiteElo "2229"]
[BlackElo "2333"]
[WhiteFideId "1172611"]
[BlackFideId "24671827"]
[EventDate "2017.12.16"]

1. e4 c5 2. Nf3 d6 3. d4 Nf6 4. Nc3 cxd4 5. Nxd4 a6 6. Be2 Nbd7 7. Be3 g6 8. O-O
Bg7 9. f4 O-O 10. a4 Qc7 11. a5 b5 12. axb6 Nxb6 13. Nb3 Nc4 14. Bxc4 Qxc4 15.
Qd4 Qc7 16. Qb6 Qxb6 17. Bxb6 Rb8 18. Bd4 Bb7 19. e5 Ne4 20. exd6 exd6 21. Bxg7
Kxg7 22. Ne2 Bd5 23. Ned4 Rfc8 24. Rfd1 Bxb3 25. cxb3 Rb6 26. Re1 f5 27. Rec1
Rxc1+ 28. Rxc1 Nc5 29. Rd1 a5 30. Ra1 Nxb3 31. Nxb3 Rxb3 32. Rxa5 Rxb2 33. Ra7+
Kh6 34. Rd7 Rd2 35. g3 d5 36. h3 d4 37. g4 fxg4 38. hxg4 d3 39. Kf1 Rd1+ 40. Kf2
d2 1/2-1/2

[Event "European Rapid 2017"]
[Site "Katowice POL"]
[Date "2017.12.16"]
[Round "6.74"]
[White "Dragnev, Valentin"]
[Black "Marczuk, Dominik"]
[Result "1/2-1/2"]
[WhiteTitle "IM"]
[WhiteElo "2458"]
[BlackElo "2278"]
[WhiteFideId "1634852"]
[BlackFideId "1111264"]
[EventDate "2017.12.16"]

1. e4 c5 2. Nf3 d6 3. Bb5+ Bd7 4. Bxd7+ Nxd7 5. O-O Ngf6 6. Qe2 e6 7. c3 Be7 8.
d4 cxd4 9. cxd4 d5 10. e5 Ne4 11. Be3 Qb6 12. Ne1 f6 13. f3 Ng5 14. exf6 Bxf6
15. Nc3 O-O 16. Rd1 Nf7 17. f4 g6 18. Nf3 Bg7 19. Ne5 Nf6 20. Kh1 Nd6 21. Bf2
Qa6 22. Qxa6 bxa6 23. Bh4 Rfc8 24. Bxf6 Bxf6 25. Nd7 Kf7 26. Rd3 Ke7 27. Ne5
Bxe5 28. fxe5 Nb5 29. Na4 Rf8 30. Rf6 Rxf6 31. exf6+ Kxf6 32. Nc5 Re8 33. a4 Nd6
34. Nxa6 Nf5 35. g4 Nd6 36. h4 h5 37. gxh5 gxh5 38. Rc3 Nf5 39. Rc7 Rg8 40. Rc3
Nxd4 41. Nc5 Rg4 42. b4 e5 43. Rd3 Rxh4+ 44. Kg2 Rg4+ 45. Kf2 Rf4+ 46. Kg2 Rg4+
47. Kf2 Rf4+ 48. Kg2 Rg4+ 1/2-1/2

[Event "European Rapid 2017"]
[Site "Katowice POL"]
[Date "2017.12.16"]
[Round "6.75"]
[White "Sakalauskas, Vaidas"]
[Black "Psyk, Radoslaw"]
[Result "1-0"]
[WhiteTitle "IM"]
[WhiteElo "2351"]
[BlackElo "2222"]
[WhiteFideId "12800457"]
[BlackFideId "1182838"]
[EventDate "2017.12.16"]

1. d4 d5 2. c4 e6 3. Nc3 Nf6 4. cxd5 exd5 5. Bg5 Be7 6. e3 c6 7. Bd3 Nbd7 8. Qc2
O-O 9. Nge2 Re8 10. O-O Nf8 11. f3 Ng6 12. Rad1 Be6 13. Kh1 Rc8 14. a3 Qd7 15.
Qb1 Qc7 16. Ng3 Nh5 17. Bxe7 Nxg3+ 18. hxg3 Rxe7 19. f4 Bg4 20. Rde1 Rce8 21. e4
dxe4 22. Rxe4 Rxe4 23. Bxe4 Qb6 24. f5 Nf8 25. Rf4 h5 26. d5 cxd5 27. Nxd5 Qb3
28. Kh2 Nd7 29. f6 Nxf6 30. Nxf6+ gxf6 31. Bf5 Bxf5 32. Qxf5 Qxb2 33. Qxh5 Re2
34. Qh3 Re5 35. Rh4 Kf8 36. Qd7 Re2 37. Qd8+ Re8 38. Rh8+ 1-0

[Event "European Rapid 2017"]
[Site "Katowice POL"]
[Date "2017.12.16"]
[Round "6.76"]
[White "Ondrus, Martin"]
[Black "Koziol, Kamil"]
[Result "1-0"]
[BlackTitle "FM"]
[WhiteElo "2261"]
[BlackElo "2305"]
[WhiteFideId "14913330"]
[BlackFideId "1161555"]
[EventDate "2017.12.16"]

1. e4 c5 2. Nf3 d6 3. d4 cxd4 4. Nxd4 Nf6 5. Nc3 a6 6. Be3 e5 7. Nb3 Be6 8. f3
h5 9. Be2 Nbd7 10. Nd5 Nxd5 11. exd5 Bf5 12. c4 Be7 13. O-O Bg5 14. f4 exf4 15.
Bxf4 Bxf4 16. Rxf4 Bg6 17. Kh1 Qg5 18. Qd4 O-O 19. Raf1 Rae8 20. Bd3 Bxd3 21.
Qxd3 Ne5 22. Qd2 Ng4 23. h3 Ne5 24. c5 Ng6 25. R4f2 Qe7 26. Qb4 dxc5 27. Qxc5
Rd8 28. Rd2 Rd6 29. Nd4 Qd7 30. Nf5 Rf6 31. d6 Re8 32. Nh6+ Kh7 33. Rxf6 gxf6
34. Qxh5 Re5 35. Nf5+ Kg8 36. Rf2 Qe6 37. Qf3 Re1+ 38. Kh2 Qe5+ 39. Qg3 Kf8 40.
Qxe5 Nxe5 41. Rc2 Ke8 42. Rc7 b5 43. Ra7 Re2 44. d7+ Kd8 45. Nd6 Nxd7 46. Rxa6
Rxb2 47. Nxf7+ Ke7 48. Nd6 b4 49. Nf5+ Kd8 50. h4 b3 51. axb3 Rxb3 52. h5 Ke8
53. h6 Kf7 54. Ra7 Kg6 55. Ne7+ Kxh6 56. Rxd7 Rb6 57. Nd5 Ra6 58. Rb7 Rd6 59.
Ne3 Kg6 60. Kg3 Rd3 61. Kf3 Rd6 62. Rb5 Ra6 63. Rc5 Rb6 64. Rc4 Ra6 65. Kf4 Rd6
66. Rb4 Ra6 67. Nd5 Ra2 68. g3 Ra5 69. Rd4 Rb5 70. Ne7+ Kf7 71. Nf5 Kg6 72. Ne3
Ra5 73. Nd5 Rb5 74. Nc3 Rf5+ 75. Ke3 Rg5 76. Ne4 Rf5 77. Rd6 Kh5 78. Rxf6 Ra5
79. Kf4 Rg5 80. Rf5 1-0

[Event "European Rapid 2017"]
[Site "Katowice POL"]
[Date "2017.12.16"]
[Round "6.77"]
[White "Jaskolka, Tomasz"]
[Black "Mikrut, Dariusz"]
[Result "1/2-1/2"]
[BlackTitle "IM"]
[WhiteElo "2011"]
[BlackElo "2375"]
[WhiteFideId "1170791"]
[BlackFideId "1112791"]
[EventDate "2017.12.16"]

1. e4 c5 2. Nf3 a6 3. c3 e6 4. d4 d5 5. Nbd2 Nc6 6. Bd3 cxd4 7. cxd4 dxe4 8.
Nxe4 Bb4+ 9. Bd2 Bxd2+ 10. Qxd2 Nf6 11. O-O O-O 12. Rfd1 Nd5 13. a3 Nce7 14.
Rac1 b6 15. Ne5 h6 16. Bb1 Bb7 17. g3 f5 18. Nc3 Rc8 19. Ba2 Kh7 20. Qd3 Qe8 21.
f3 Kh8 22. Nxd5 Rxc1 23. Nxe7 Rxd1+ 24. Qxd1 Rf6 25. N7g6+ Rxg6 26. Nxg6+ Qxg6
27. Qe2 Bd5 28. Bxd5 exd5 29. Qxa6 f4 30. Qa8+ Kh7 31. Qxd5 Qb1+ 32. Kg2 Qxb2+
33. Kh3 fxg3 34. hxg3 Qxa3 35. Qf5+ Kh8 36. Qc8+ Kh7 37. Qf5+ Kh8 38. d5 b5 39.
Qc8+ Kh7 40. Qf5+ Kh8 41. Qe6 Qxf3 42. d6 Qf1+ 43. Kh2 Qf2+ 44. Kh3 Qf1+ 45. Kh4
Qh1+ 46. Kg4 Qd1+ 47. Kf5 Qd3+ 48. Kg4 Qd1+ 49. Kf5 1/2-1/2

[Event "European Rapid 2017"]
[Site "Katowice POL"]
[Date "2017.12.16"]
[Round "6.78"]
[White "Olsen, Filip Boe"]
[Black "Koscielski, Janusz"]
[Result "1/2-1/2"]
[WhiteTitle "FM"]
[BlackTitle "FM"]
[WhiteElo "2294"]
[BlackElo "2339"]
[WhiteFideId "1440640"]
[BlackFideId "4614437"]
[EventDate "2017.12.16"]

1. d4 Nf6 2. c4 g6 3. Nc3 Bg7 4. e4 d6 5. Nf3 O-O 6. h3 e5 7. d5 Nh5 8. g3 Na6
9. Be3 Nc5 10. b4 Nd7 11. a3 f5 12. exf5 gxf5 13. Ng5 Ndf6 14. Be2 h6 15. Bxh5
hxg5 16. Bxg5 a5 17. O-O f4 18. g4 Qd7 19. Bg6 Nh7 20. Bh4 Bf6 21. Bxf6 Nxf6 22.
f3 Qg7 23. Qc2 axb4 24. axb4 Rxa1 25. Rxa1 e4 26. Bxe4 Nxe4 27. fxe4 Qd4+ 28.
Kh1 Qe3 29. Nb5 Rf7 30. Ra3 Qe1+ 31. Kh2 f3 32. e5 f2 33. Qg6+ Kf8 34. Qh6+ Kg8
35. Qg6+ Kf8 36. Qh6+ Kg8 37. Qg6+ Kf8 38. Qh6+ 1/2-1/2

[Event "European Rapid 2017"]
[Site "Katowice POL"]
[Date "2017.12.16"]
[Round "6.79"]
[White "Kot, Jerzy"]
[Black "Putka, Verners"]
[Result "0-1"]
[WhiteTitle "FM"]
[WhiteElo "2072"]
[BlackElo "2307"]
[WhiteFideId "1101595"]
[BlackFideId "11600659"]
[EventDate "2017.12.16"]

1. g3 Nf6 2. Bg2 c5 3. Nf3 b6 4. Ne5 d5 5. c4 Bb7 6. Nc3 e6 7. Qa4+ Nbd7 8. O-O
Bd6 9. Nxd7 Qxd7 10. Qxd7+ Kxd7 11. d3 h6 12. cxd5 Nxd5 13. e4 Nb4 14. Nb5 a6
15. Nxd6 Kxd6 16. Bd2 Nc2 17. Rab1 a5 18. b3 Ke7 19. Rb2 Nd4 20. Rd1 Rhd8 21.
Bc3 e5 22. a3 Rac8 23. f4 f6 24. Be1 Ba6 25. b4 cxb4 26. axb4 a4 27. b5 Bxb5 28.
fxe5 fxe5 29. Bb4+ Kf7 30. Rf2+ Kg8 31. Bh3 Rc6 32. g4 Nc2 33. Rxc2 Rxc2 34. g5
Rxd3 35. Be6+ Kh7 36. g6+ Kxg6 37. Rf1 h5 38. h4 Rg3+ 39. Kh1 Bxf1 0-1

[Event "European Rapid 2017"]
[Site "Katowice POL"]
[Date "2017.12.16"]
[Round "6.80"]
[White "Leniart, Arkadiusz"]
[Black "George, Matthew P"]
[Result "1-0"]
[WhiteTitle "IM"]
[WhiteElo "2502"]
[BlackElo "2013"]
[WhiteFideId "1124226"]
[BlackFideId "407763"]
[EventDate "2017.12.16"]

1. d4 Nf6 2. c4 d6 3. Nc3 Nbd7 4. e4 e5 5. d5 Nc5 6. f3 a5 7. Be3 Be7 8. Qd2 h6
9. g3 Nfd7 10. h4 c6 11. Bh3 Nb6 12. Qe2 cxd5 13. cxd5 Bxh3 14. Nxh3 Qd7 15. Nf2
Rc8 16. g4 h5 17. g5 g6 18. O-O O-O 19. Rac1 f6 20. Kg2 fxg5 21. hxg5 Kg7 22.
Nh3 Rce8 23. Qb5 Qxb5 24. Nxb5 Nbd7 25. Nf2 Rc8 26. Rc2 Na6 27. Rfc1 Ndc5 28. a3
a4 29. Nd3 b6 30. Nb4 Nb8 31. Na7 Rc7 32. Nac6 Nxc6 33. dxc6 Bd8 34. Rd1 Be7 35.
Nd5 Ra7 36. Nxe7 Rxe7 37. Rxd6 Ref7 38. Bxc5 bxc5 39. Rd3 h4 40. Rxc5 Rb8 41. c7
Rc8 42. Rdc3 Rd7 43. Kh3 Rd2 44. Rd5 Rd4 45. Rxe5 Kf7 46. Rd5 Rxd5 47. exd5 Ke7
48. Rc6 1-0

[Event "European Rapid 2017"]
[Site "Katowice POL"]
[Date "2017.12.16"]
[Round "6.81"]
[White "Malyovanyi, Yulian"]
[Black "Stojcevski, Zoran"]
[Result "0-1"]
[BlackTitle "FM"]
[WhiteElo "1923"]
[BlackElo "2337"]
[WhiteFideId "14171198"]
[BlackFideId "15000192"]
[EventDate "2017.12.16"]

1. e4 e5 2. Nf3 Nc6 3. d4 exd4 4. Nxd4 Bc5 5. Nxc6 Qf6 6. Qf3 bxc6 7. Nc3 Qxf3
8. gxf3 Ne7 9. Be3 Bxe3 10. fxe3 d6 11. O-O-O O-O 12. h4 f5 13. exf5 Nxf5 14.
Bc4+ Kh8 15. Rhe1 Nxh4 16. f4 Bg4 17. Be2 Bxe2 18. Rxe2 Rae8 19. Rh1 Nf5 20. Rh3
h6 21. Kd2 d5 22. Kd3 Nd6 23. b3 Ne4 24. Nxe4 Rxe4 25. Rg2 Re6 26. Rhg3 Rf7 27.
c3 Rfe7 28. Rc2 c5 29. b4 cxb4 30. cxb4 Re4 31. Rc5 Rxb4 32. Rxd5 Ra4 33. f5
Rxa2 34. Rd4 Ra3+ 35. Ke2 Kh7 36. Rh4 Ra5 37. Rh5 Ree5 38. Rgg5 Ra2+ 39. Kf3 Ra3
40. Rg4 Raxe3+ 41. Kf2 Re2+ 42. Kf3 R5e3+ 43. Kf4 Re4+ 44. Kf3 R2e3+ 45. Kf2
Rxg4 46. Kxe3 Rg5 0-1

[Event "European Rapid 2017"]
[Site "Katowice POL"]
[Date "2017.12.16"]
[Round "6.82"]
[White "Gazik, Igor"]
[Black "Chylewski, Patryk"]
[Result "1-0"]
[WhiteTitle "IM"]
[WhiteElo "2257"]
[BlackElo "2213"]
[WhiteFideId "14900149"]
[BlackFideId "1186191"]
[EventDate "2017.12.16"]

1. e4 e5 2. Nf3 Nc6 3. Bb5 a6 4. Ba4 Nf6 5. O-O Nxe4 6. d4 exd4 7. Re1 d5 8.
Nxd4 Bd6 9. Nxc6 Bxh2+ 10. Kf1 Qh4 11. Be3 O-O 12. Nd4 Bg4 13. Nf3 Qh5 14. Nc3
Rad8 15. Bb3 Be5 16. Kg1 d4 17. Nxe4 dxe3 18. Qe2 Bh2+ 19. Kf1 Bf4 20. fxe3 Be5
21. Nf2 Bg3 22. Red1 Rde8 23. Nxg4 Qxg4 24. Kg1 Re5 25. Rd4 Qh5 26. Rad1 g5 27.
Rd5 Rfe8 28. Rxe5 Rxe5 29. Qc4 Rf5 30. Rd8+ Kg7 31. Qd4+ Rf6 32. Rg8+ Kxg8 33.
Qxf6 h6 34. Qf5 Kg7 35. c3 Kg8 36. Bc2 Kg7 37. Be4 b6 38. Qh3 Bh4 39. Kh2 f5 40.
Bxf5 Qe8 41. e4 c5 42. Be6 Qb8+ 43. e5 Bf2 44. Qf5 1-0

[Event "European Rapid 2017"]
[Site "Katowice POL"]
[Date "2017.12.16"]
[Round "6.83"]
[White "Terletsky, Oleg"]
[Black "Golenia, Wojciech"]
[Result "1-0"]
[WhiteTitle "FM"]
[WhiteElo "2384"]
[BlackElo "1984"]
[WhiteFideId "14116774"]
[BlackFideId "1175300"]
[EventDate "2017.12.16"]

1. e4 c5 2. Nf3 e6 3. d4 d5 4. exd5 exd5 5. Bb5+ Nc6 6. O-O Nf6 7. Re1+ Be7 8.
Qe2 Ne4 9. Ne5 Bd7 10. Nxd7 Qxd7 11. c4 Nd6 12. cxd5 Nxb5 13. Qxb5 Nxd4 14.
Rxe7+ Kxe7 15. Qxc5+ Qd6 16. Qxd4 Rhe8 17. Bf4 Qb6 18. Qxg7 Qg6 19. Qxg6 hxg6
20. Nc3 Kd7 21. f3 Rac8 22. Ne4 Re7 23. Nc3 b5 24. a3 a5 25. Bg5 Re5 26. Bf4 Re7
27. Kf2 Rc4 28. Kg3 b4 29. axb4 axb4 30. Ra7+ Ke8 31. Ra8+ Kd7 32. Ne4 Rc8 33.
Ra7+ Kd8 34. Bg5 f6 35. Bxf6 Rc2 36. Bxe7+ Kc8 37. d6 Kb8 38. d7 Kxa7 39. d8=Q
Rxb2 40. Qc7+ Ka8 41. Nc5 Rxg2+ 42. Kxg2 1-0

[Event "European Rapid 2017"]
[Site "Katowice POL"]
[Date "2017.12.16"]
[Round "6.84"]
[White "Zychowski, Marek"]
[Black "Alekseev, Evgeny"]
[Result "0-1"]
[BlackTitle "GM"]
[WhiteElo "1838"]
[BlackElo "2616"]
[WhiteFideId "1188526"]
[BlackFideId "4138147"]
[EventDate "2017.12.16"]

1. e4 c5 2. Nf3 Nc6 3. c3 Nf6 4. Qc2 e5 5. Be2 Be7 6. O-O d6 7. h3 O-O 8. Na3 h6
9. Nc4 Be6 10. Ne3 d5 11. exd5 Nxd5 12. Nxd5 Qxd5 13. d3 Rac8 14. Re1 Rfd8 15.
Nd2 Bf5 16. Bf3 Bxd3 17. Bxd5 Bxc2 18. Bxc6 Rxc6 19. Rxe5 Bf8 20. Re1 f6 21. Nf3
Rb6 22. b3 Kf7 23. Be3 Ra6 24. Rec1 Be4 25. Nd2 Bh7 26. a4 Bf5 27. Nf3 g5 28.
Ne1 Be7 29. Rd1 Rxd1 30. Rxd1 c4 31. g4 Be6 32. b4 Rxa4 33. Nf3 Ra3 34. Rc1 a6
35. Nd4 Bd7 36. Ne2 Ra2 37. Ng3 Be6 38. Re1 Ra3 39. Bd4 Ra2 40. Ne4 f5 41. gxf5
Bxf5 42. Kg2 a5 43. bxa5 Rxa5 44. Ng3 Bd3 45. Re3 Rd5 46. Bb6 Bf6 47. Rf3 Kg6
48. Re3 Bxc3 49. Re6+ Kf7 50. Rxh6 Bg7 51. Rh5 Bg6 52. Be3 Bxh5 53. Nxh5 c3 54.
Ng3 c2 55. Ne4 b5 56. Nxg5+ Kg8 57. Ne6 b4 58. Nf4 Rd1 59. Ne2 b3 0-1

[Event "European Rapid 2017"]
[Site "Katowice POL"]
[Date "2017.12.16"]
[Round "6.85"]
[White "Cechura, Petr"]
[Black "Miton, Kamil"]
[Result "0-1"]
[BlackTitle "GM"]
[WhiteElo "2180"]
[BlackElo "2584"]
[WhiteFideId "314846"]
[BlackFideId "1111914"]
[EventDate "2017.12.16"]

1. e4 c5 2. Nf3 d6 3. d3 g6 4. Nbd2 Bg7 5. g3 Nf6 6. Bg2 O-O 7. O-O Nc6 8. Re1
Rb8 9. a4 b6 10. c3 Ba6 11. Qc2 Rc8 12. Nc4 d5 13. exd5 Nxd5 14. Bd2 e6 15. Rad1
Qc7 16. Ne3 Nxe3 17. Bxe3 Rfd8 18. Bf4 Qd7 19. Bf1 Bb7 20. Bg2 Ba6 21. Bf1 Qd5
22. Ng5 Bb7 23. c4 Qd7 24. Nf3 Nb4 25. Qe2 Bxf3 26. Qxf3 Nc2 27. Bg5 Nxe1 28.
Rxe1 Re8 29. b3 h6 30. Bf6 Bxf6 31. Qxf6 Qd8 32. Qf4 Kg7 33. h4 Qf6 34. Qxf6+
Kxf6 35. f3 a5 36. Kf2 Rcd8 37. Ke3 Rd4 38. Be2 Kg7 39. Rb1 e5 40. g4 h5 41. Rg1
hxg4 42. fxg4 e4 43. Kd2 exd3 44. Bxd3 Ree4 45. g5 Rxh4 46. Rg3 Rhg4 0-1

[Event "European Rapid 2017"]
[Site "Katowice POL"]
[Date "2017.12.16"]
[Round "6.86"]
[White "Siekanski, Janusz"]
[Black "Fedorov, Alexei"]
[Result "0-1"]
[BlackTitle "GM"]
[WhiteElo "2272"]
[BlackElo "2573"]
[WhiteFideId "1100599"]
[BlackFideId "13500465"]
[EventDate "2017.12.16"]

1. d4 Nf6 2. c4 g6 3. Nc3 Bg7 4. e4 d6 5. h3 O-O 6. Be3 e5 7. d5 a5 8. c5 Ne8 9.
Nf3 f5 10. cxd6 Nxd6 11. Bd3 Na6 12. Rc1 Bd7 13. O-O f4 14. Bd2 Nc5 15. Be2
Ncxe4 16. Nxe4 Nxe4 17. Qc2 Bf5 18. Qxc7 Nxd2 19. Nxd2 Qxc7 20. Rxc7 e4 21. Rxb7
Rac8 22. Bg4 Rc2 23. Bxf5 gxf5 24. Rd1 a4 25. d6 Rd8 26. Rc7 Rxb2 27. d7 Rxa2
28. Rc8 Bf6 29. Nc4 Rc2 30. Nd6 Rb2 31. Nc4 Rb8 32. Rxb8 Rxb8 33. Na5 Ra8 34.
Nc6 a3 35. d8=Q+ Bxd8 36. Nxd8 a2 37. Ra1 Rxd8 38. Rxa2 Rd1+ 39. Kh2 Kf7 40. Ra6
e3 41. fxe3 fxe3 42. Ra2 f4 43. h4 f3 44. Ra7+ Ke6 45. Ra6+ Ke5 46. Ra5+ Rd5 47.
Ra3 e2 0-1

[Event "European Rapid 2017"]
[Site "Katowice POL"]
[Date "2017.12.16"]
[Round "6.87"]
[White "Dvirnyy, Danyyil"]
[Black "Frink, Ferenc"]
[Result "1-0"]
[WhiteTitle "GM"]
[BlackTitle "FM"]
[WhiteElo "2532"]
[BlackElo "2106"]
[WhiteFideId "817570"]
[BlackFideId "704946"]
[EventDate "2017.12.16"]

1. e4 Nc6 2. Nf3 e6 3. d4 d6 4. c4 Bd7 5. Nc3 Nf6 6. Be2 e5 7. d5 Ne7 8. O-O Ng6
9. Ne1 h6 10. Nd3 Be7 11. b4 O-O 12. a4 a5 13. bxa5 Rxa5 14. Bd2 b6 15. Qc2 Ra8
16. Rfe1 Nh7 17. Nb5 f5 18. Nb4 Ng5 19. Bxg5 Bxg5 20. exf5 Bxf5 21. Bd3 Bxd3 22.
Qxd3 Nf4 23. Qe4 Qf6 24. Rf1 Rf7 25. Nd3 Ng6 26. g3 Bd2 27. Ra2 Ba5 28. f3 Raf8
29. Kg2 Qg5 30. h4 Qf6 31. Raf2 h5 32. f4 exf4 33. Nxf4 Ne5 34. Nd3 Qe7 35. Rxf7
Rxf7 36. Rxf7 Kxf7 37. Qf5+ Kg8 38. Nxe5 dxe5 39. Qc8+ Kh7 40. Nxc7 Be1 41. Qf5+
g6 42. d6 Qxd6 43. Qf7+ Kh6 44. Ne6 Qc6+ 45. Kg1 1-0

[Event "European Rapid 2017"]
[Site "Katowice POL"]
[Date "2017.12.16"]
[Round "6.88"]
[White "Heberla, Bartlomiej"]
[Black "Herman, Jean"]
[Result "1-0"]
[WhiteTitle "GM"]
[WhiteElo "2555"]
[BlackElo "2255"]
[WhiteFideId "1115120"]
[BlackFideId "263036"]
[EventDate "2017.12.16"]

1. d4 d5 2. c4 c6 3. Nf3 Nf6 4. Nc3 dxc4 5. e3 b5 6. a4 b4 7. Nb1 e6 8. Bxc4 Be7
9. O-O O-O 10. Qe2 Nbd7 11. b3 Bb7 12. Bb2 Qa5 13. Nbd2 Qh5 14. Ba6 Bxa6 15.
Qxa6 c5 16. Rac1 Rfd8 17. Nc4 cxd4 18. Bxd4 Ne4 19. Qb7 Qf5 20. Nce5 Nxe5 21.
Nxe5 Bf8 22. g4 1-0

[Event "European Rapid 2017"]
[Site "Katowice POL"]
[Date "2017.12.16"]
[Round "6.89"]
[White "Kruszynski, Wlodzimierz"]
[Black "Ladva, Ottomar"]
[Result "0-1"]
[WhiteTitle "IM"]
[BlackTitle "GM"]
[WhiteElo "2313"]
[BlackElo "2522"]
[WhiteFideId "1100670"]
[BlackFideId "4500024"]
[EventDate "2017.12.16"]

1. e4 g6 2. d4 Bg7 3. Nf3 d6 4. Nc3 a6 5. a4 b6 6. Bc4 Bb7 7. Ng5 e6 8. O-O Nf6
9. e5 dxe5 10. dxe5 Qxd1 11. Rxd1 Nfd7 12. f4 Ke7 13. Be3 h6 14. Nge4 g5 15. g3
Nc6 16. Kf2 Raf8 17. Ke2 Ndxe5 18. fxe5 Nxe5 19. Bd4 f5 20. Nd2 g4 21. Rf1 h5
22. Bb3 h4 23. Nc4 Bf3+ 24. Kf2 hxg3+ 25. hxg3 Rh2+ 26. Ke1 Nd3+ 27. cxd3 Bxd4
28. Bd1 Rxb2 29. Nxb2 Bxc3+ 30. Kf2 Bd4+ 31. Ke1 Bxb2 32. Ra2 Bc3+ 33. Kf2 Bd5
34. Rc2 Bd4+ 35. Ke1 c5 36. Be2 Rh8 0-1

[Event "European Rapid 2017"]
[Site "Katowice POL"]
[Date "2017.12.16"]
[Round "6.90"]
[White "Rausis, Igors"]
[Black "Sliwicki, Damian"]
[Result "1-0"]
[WhiteTitle "GM"]
[WhiteElo "2632"]
[BlackElo "2148"]
[WhiteFideId "11600098"]
[BlackFideId "1127128"]
[EventDate "2017.12.16"]

1. d4 Nf6 2. Bg5 Ne4 3. Bh4 d5 4. Nd2 Nxd2 5. Qxd2 g6 6. Nf3 Bg7 7. e3 c5 8. c3
cxd4 9. exd4 Nc6 10. Bd3 Bg4 11. Qf4 Bxf3 12. Qxf3 O-O 13. O-O Qd7 14. Rfe1 e5
15. dxe5 Nxe5 16. Qe2 Nxd3 17. Qxd3 Rfe8 18. h3 Rxe1+ 19. Rxe1 Qa4 20. Bg3 Qxa2
21. Qb5 Qa6 22. Qxd5 Bf8 23. Re4 Qc6 24. Qxc6 bxc6 25. Ra4 a6 26. Kf1 f5 27. Ke2
Kf7 28. Kd3 Ke6 29. Kc4 Bd6 30. Bxd6 Kxd6 31. b4 Kc7 32. Ra5 Kb6 33. Re5 Rd8 34.
Re2 Rd5 35. f4 a5 36. g4 axb4 37. cxb4 fxg4 38. hxg4 h5 39. g5 Rd1 40. Re6 Rf1
41. Rf6 h4 42. b5 h3 43. Rxc6+ Kb7 44. Rxg6 Rxf4+ 45. Kc5 Rh4 46. Rg7+ Kc8 47.
Kc6 Kd8 48. Rd7+ Ke8 49. Rd1 Kf7 50. b6 Kg6 51. b7 Rb4 52. Rh1 Rc4+ 53. Kb5 Rc2
54. Rb1 h2 55. b8=Q h1=Q 56. Qg8+ Kf5 57. Rxh1 1-0